| 000 | 00583nam a22002177a 4500 | ||
|---|---|---|---|
| 001 | BD-DhSAU 4516 | ||
| 003 | BD-DhSAU | ||
| 005 | 20150223105951.0 | ||
| 008 | 150223b1968 bg ||||| |||| 00| 0 eng d | ||
| 040 | _aBD-DhSAU | ||
| 082 |
_222 _a633.18 _bALR |
||
| 100 | _aAlim, A. | ||
| 245 |
_aRice improvement in east Pakistan / _cA. Alim |
||
| 260 |
_aDhaka : _bEast Pakistan Government Press , _cc1968. |
||
| 300 |
_aiii, 135 p. : _c25 cm. |
||
| 504 | _aIncludes bibliographical references. | ||
| 590 | _aJerin | ||
| 650 | _aRice improvement | ||
| 650 | _aRice | ||
| 651 | _aPakistan | ||
| 942 |
_2ddc _cBOOK |
||
| 999 |
_c4516 _d4516 |
||